000
00304nam a22001337a 4500
008
180208b xxu||||| |||| 00| 0 eng d
020
_a
710502711
041
_a
eng
080
_a
232
100
_a
24
101
_a
TEO
245
_a
Scribs and Scholars at Salisbury Cathedral
_c
Webber
942
_2
udc
_c
BK
999
_c
42114
_d
42114